<?xml version="1.0" encoding="UTF-8"?><?xml-stylesheet type="text/xsl" href="static/style.xsl"?><OAI-PMH xmlns="http://www.openarchives.org/OAI/2.0/" xmlns:xsi="http://www.w3.org/2001/XMLSchema-instance" xsi:schemaLocation="http://www.openarchives.org/OAI/2.0/ http://www.openarchives.org/OAI/2.0/OAI-PMH.xsd"><responseDate>2026-04-29T07:35:53Z</responseDate><request verb="GetRecord" identifier="oai:repisalud.isciii.es:20.500.12105/22903" metadataPrefix="marc">https://repisalud.isciii.es/rest/oai/request</request><GetRecord><record><header><identifier>oai:repisalud.isciii.es:20.500.12105/22903</identifier><datestamp>2024-11-29T04:47:11Z</datestamp><setSpec>com_20.500.12105_15322</setSpec><setSpec>com_20.500.12105_2051</setSpec><setSpec>col_20.500.12105_16967</setSpec><setSpec>col_20.500.12105_16982</setSpec><setSpec>col_20.500.12105_16972</setSpec></header><metadata><record xmlns="http://www.loc.gov/MARC21/slim" xmlns:dcterms="http://purl.org/dc/terms/" xmlns:doc="http://www.lyncode.com/xoai" xmlns:xsi="http://www.w3.org/2001/XMLSchema-instance" xsi:schemaLocation="http://www.loc.gov/MARC21/slim http://www.loc.gov/standards/marcxml/schema/MARC21slim.xsd">
   <leader>00925njm 22002777a 4500</leader>
   <datafield ind2=" " ind1=" " tag="042">
      <subfield code="a">dc</subfield>
   </datafield>
   <datafield ind2=" " ind1=" " tag="720">
      <subfield code="a">Raggi, Paolo</subfield>
      <subfield code="e">author</subfield>
   </datafield>
   <datafield ind2=" " ind1=" " tag="720">
      <subfield code="a">Bellasi, Antonio</subfield>
      <subfield code="e">author</subfield>
   </datafield>
   <datafield ind2=" " ind1=" " tag="720">
      <subfield code="a">Sinha, Smeeta</subfield>
      <subfield code="e">author</subfield>
   </datafield>
   <datafield ind2=" " ind1=" " tag="720">
      <subfield code="a">Bover, Jordi</subfield>
      <subfield code="e">author</subfield>
   </datafield>
   <datafield ind2=" " ind1=" " tag="720">
      <subfield code="a">Rodriguez, Mariano</subfield>
      <subfield code="e">author</subfield>
   </datafield>
   <datafield ind2=" " ind1=" " tag="720">
      <subfield code="a">Ketteler, Markus</subfield>
      <subfield code="e">author</subfield>
   </datafield>
   <datafield ind2=" " ind1=" " tag="720">
      <subfield code="a">Bushinsky, David A</subfield>
      <subfield code="e">author</subfield>
   </datafield>
   <datafield ind2=" " ind1=" " tag="720">
      <subfield code="a">Garg, Rekha</subfield>
      <subfield code="e">author</subfield>
   </datafield>
   <datafield ind2=" " ind1=" " tag="720">
      <subfield code="a">Perello, Joan</subfield>
      <subfield code="e">author</subfield>
   </datafield>
   <datafield ind2=" " ind1=" " tag="720">
      <subfield code="a">Gold, Alex</subfield>
      <subfield code="e">author</subfield>
   </datafield>
   <datafield ind2=" " ind1=" " tag="720">
      <subfield code="a">Chertow, Glenn M</subfield>
      <subfield code="e">author</subfield>
   </datafield>
   <datafield ind2=" " ind1=" " tag="260">
      <subfield code="c">2020-12</subfield>
   </datafield>
   <datafield ind2=" " ind1=" " tag="520">
      <subfield code="a">Introduction: Coronary artery calcium (CAC) is highly prevalent and linked with poor outcomes in patients receiving maintenance hemodialysis, and its reduction may improve patient prognosis. SNF472, a selective inhibitor of hydroxyapatite crystallization, slows CAC progression in patients receiving maintenance hemodialysis. In this analysis, we assessed the efficacy of SNF472 in prespecified patient subgroups. Methods: In a randomized clinical trial SNF472 300 mg, SNF472 600 mg, or placebo were infused thrice weekly in 91, 92, and 91 patients receiving maintenance hemodialysis and with CAC at baseline, respectively. In prespecified subanalyses, the percent change in CAC volume score (CACvs) from baseline to week 52 in modified intention-to-treat (mITT) and per-protocol (PP) populations was calculated in the following subgroups: age, sex, diabetes mellitus, dialysis vintage, prior atherosclerotic cardiovascular disease, baseline use of non-calcium and calcium-based phosphate binders, calcimimetics, activated vitamin D, warfarin, and statins. Results: In the main trial, SNF472 significantly reduced CACvs progression compared with placebo (11% versus 20% mITT analyses; P 1/4 0.016; 8% vs. 24% PP analyses; P &lt; 0.001). Treatment differences for CACvs progression were similar across all subgroups, and all interaction Pvalues were non-significant in mITT and PP analyses. Conclusions: SNF472 treatment for 52 weeks reduced CACvs progression compared with placebo in a broad range of patients receiving maintenance hemodialysis. Future studies will determine the impact of SNF472 on cardiovascular events in this population.</subfield>
   </datafield>
   <datafield ind1="8" ind2=" " tag="024">
      <subfield code="a">Raggi P, Bellasi A, Sinha S, Bover J, Rodriguez M, Ketteler M, et al. Effects of SNF472, a Novel Inhibitor of Hydroxyapatite Crystallization in Patients Receiving Hemodialysis - Subgroup Analyses of the CALIPSO Trial. Kidney Int Rep. 2020 Dec;5(12):2178-82.</subfield>
   </datafield>
   <datafield ind1="8" ind2=" " tag="024">
      <subfield code="a">2468-0249</subfield>
   </datafield>
   <datafield ind1="8" ind2=" " tag="024">
      <subfield code="a">https://hdl.handle.net/20.500.13003/19563</subfield>
   </datafield>
   <datafield ind1="8" ind2=" " tag="024">
      <subfield code="a">https://hdl.handle.net/20.500.12105/22903</subfield>
   </datafield>
   <datafield ind1="8" ind2=" " tag="024">
      <subfield code="a">33305110</subfield>
   </datafield>
   <datafield ind1="8" ind2=" " tag="024">
      <subfield code="a">10.1016/j.ekir.2020.09.032</subfield>
   </datafield>
   <datafield ind1="8" ind2=" " tag="024">
      <subfield code="a">Kidney International Reports</subfield>
   </datafield>
   <datafield ind1="8" ind2=" " tag="024">
      <subfield code="a">2-s2.0-85097110742</subfield>
   </datafield>
   <datafield ind1="8" ind2=" " tag="024">
      <subfield code="a">596812300044</subfield>
   </datafield>
   <datafield ind1="8" ind2=" " tag="024">
      <subfield code="a">L2010065834</subfield>
   </datafield>
   <datafield tag="653" ind2=" " ind1=" ">
      <subfield code="a">Coronary calcification</subfield>
   </datafield>
   <datafield tag="653" ind2=" " ind1=" ">
      <subfield code="a">Vascular calcification</subfield>
   </datafield>
   <datafield tag="653" ind2=" " ind1=" ">
      <subfield code="a">Hemodialysis</subfield>
   </datafield>
   <datafield ind2="0" ind1="0" tag="245">
      <subfield code="a">Effects of SNF472, a Novel Inhibitor of Hydroxyapatite Crystallization in Patients Receiving Hemodialysis - Subgroup Analyses of the CALIPSO Trial</subfield>
   </datafield>
</record></metadata></record></GetRecord></OAI-PMH>